| 000 | 01058nam a2200277 a 4500 | ||
|---|---|---|---|
| 001 | BRCA_6640 | ||
| 005 | 20190320205534.0 | ||
| 008 | 111011s1962----sp-a######---#000-0#spa-# | ||
| 041 | _aspa | ||
| 044 | _asp | ||
| 050 | 4 |
_aND450 _b.E87 1962 |
|
| 100 | 1 |
_aEspezel, Pierre d´ _d1893- _916622 |
|
| 245 | 1 | 0 |
_aHistoria de la pintura _bdesde Bizancio a Picasso _cpor Pierre D´Espezel y François Fosca ; traducción de José Antonio Fontanilla ; revisión y adaptación Teodoro Miciano. |
| 260 |
_aBarcelona _bDaimon : Manuel Tamayo _c1962 |
||
| 300 |
_a240 p. _bil. (algunas a color) _c30 cm. |
||
| 440 | 0 |
_aColección Tesoros de los grandes museos _912343 |
|
| 500 | _aIncluye índice de ilustraciones e índice de nombres citados | ||
| 500 | _aTraducción de: Historie de la Peinture | ||
| 500 | _aDonación Dra. Elsa Barberena | ||
| 650 | 1 | 4 |
_aPintura europea _xHistoria _916623 |
| 700 | 1 |
_aFosca, François _ecoaut. _912742 |
|
| 700 | 1 |
_aMiciano, Teodoro _912347 |
|
| 700 | 1 |
_aFontanilla, José Antonio _etr. _916624 |
|
| 902 | _aDEB | ||
| 942 |
_2lcc _cB |
||
| 999 |
_c6324 _d6324 |
||